Bài tập toán cao cấp

Gespeichert in:
Bibliographische Detailangaben
1. Verfasser: Nguyễn, Ðình Trí
Format: Buch
Sprache:Undetermined
Veröffentlicht: Hà Nội Giáo dục 2004
Schlagworte:
Tags: Tag hinzufügen
Keine Tags, Fügen Sie den ersten Tag hinzu!
Thư viện lưu trữ: Trung tâm Học liệu Trường Đại học Cần Thơ
LEADER 00705nam a2200205Ia 4500
001 CTU_74264
008 210402s9999 xx 000 0 und d
020 |c 25600 
082 |a 515.64076 
082 |b Tr300/T.3 
100 |a Nguyễn, Ðình Trí 
245 0 |a Bài tập toán cao cấp 
245 0 |c Nguyễn Ðình Trí 
260 |a Hà Nội 
260 |b Giáo dục 
260 |c 2004 
650 |a Mathematical analysis,Calculus of variations 
650 |x Problems, exercises, etc,Problems, exercises, etc 
904 |i M.Loan, Qhieu, Mai chuyển số TL từ 632.9/ Ch312/Q.13 thành 515.64076/Tr300/T.3 
980 |a Trung tâm Học liệu Trường Đại học Cần Thơ